Biblioteca

Lo que el ciudadano debe conocer / Personeria de Medellín (Registro nro. 47506)

Detalles MARC
000 -LÍDER
Campo fijo de descripción fija 004320000a22001690004500
001 - NÚMERO DE CONTROL
Campo de control 259
003 - IDENTIFICADOR DEL NÚMERO DE CONTROL
Campo de control CO-MdFUSB
005 - FECHA Y HORA DE LA ULTIMA TRANSACCIÓN
control field 20180207181901.0
008 - ELEMENTOS DE LONGITUD FIJA -- INFORMACIÓN GENERAL
Campo fijo de descripción fija -- Información general 180207b xxu||||| |||| 00| 0 eng d
040 ## - FUENTE DE CATALOGACIÓN
Agencia que realiza la transcripción CO-MdBIC
082 04 - NÚMERO DE CLASIFICACIÓN DECIMAL DEWEY
Número de clasificación 306 P432ci
110 1# - ASIENTO PRINCIPAL--NOMBRE CORPORATIVO
Nombre corporativo o de jurisdicción como elemento de entrada Personeria de Medellín
245 10 - TÍTULO
Título del Material Lo que el ciudadano debe conocer / Personeria de Medellín
260 ## - PUBLICACIÓN, DISTRIBUCIÓN, ETC. (PIE DE IMPRENTA)
Lugar de publicación, distribución, etc. Medellín : Divegraficas Ltda.
300 ## - DESCRIPCIÓN FÍSICA
Extensión 110 P.
942 ## - TIPO DE MATERIAL (KOHA)
Tipo de Item KOHA Z- Libro General BINCO
Existencias
Estado de Material Estado de Perdido Forma de Clasificación Volumen-Parte/Tomo Estado de Dañado No para Préstamo Colección Tomo Biblioteca de Origen Biblioteca Permanente Fecha de Adquisición Total de Préstamos Signatura Topográfica Código de Barras Última vez visto Ejemplar/Existencia Fecha de Remplazo Tipo de Material Última vez Préstado
    Dewey Decimal Classification       Colección de Referencia   Biblioteca Infantil Comunitaria BINCO Biblioteca Infantil Comunitaria BINCO 23/04/2007   306 P432ci B31321 24/11/2016 1 26/01/2016 Z- Libros de Referencia BINCO  
    Dewey Decimal Classification       Colección de Referencia   Biblioteca Infantil Comunitaria BINCO Biblioteca Infantil Comunitaria BINCO 16/11/2010   306 P432ci B32788 24/11/2016 5 26/01/2016 Z- Libros de Referencia BINCO  
    Dewey Decimal Classification       Colección de Referencia   Biblioteca Infantil Comunitaria BINCO Biblioteca Infantil Comunitaria BINCO 23/04/2007 1 306 P432ci4 B31326 19/06/2018 4 26/01/2016 Z- Libros de Referencia BINCO 19/06/2018
    Dewey Decimal Classification       Colección de Referencia   Biblioteca Infantil Comunitaria BINCO Biblioteca Infantil Comunitaria BINCO 23/04/2007   306 P432ci3 B31323 24/11/2016 3 26/01/2016 Z- Libros de Referencia BINCO  
    Dewey Decimal Classification       Colección de Referencia   Biblioteca Infantil Comunitaria BINCO Biblioteca Infantil Comunitaria BINCO 23/04/2007   306 P432ci2 B31322 24/11/2016 2 26/01/2016 Z- Libros de Referencia BINCO  

Biblioteca FUSBC | Teléfono: (57+4) 349 88 10 Ext. 141| WhatsApp (+57) 3005338115 
E-mail: biblioteca@unisbc.edu.co | Calle 76 87-14 Robledo Palenque, Medellín, Colombia

Con tecnología Koha